Contracting purchasers interests - are they properly protected? (Record no. 60652)

MARC details
000 -LEADER
fixed length control field 00635cam a2200157 4500
001 - CONTROL NUMBER
control field ABS60974
008 - FIXED-LENGTH DATA ELEMENTS--GENERAL INFORMATION
fixed length control field 000000n1999 000 0 eng u
035 ## - SYSTEM CONTROL NUMBER
System control number (Sirsi) u101520
100 ## - MAIN ENTRY--PERSONAL NAME
Personal name Robinson, R.
245 ## - TITLE STATEMENT
Title Contracting purchasers interests - are they properly protected?
260 ## - PUBLICATION, DISTRIBUTION, ETC.
Date of publication, distribution, etc. 1999
490 ## - SERIES STATEMENT
Series statement Property Journal
Volume/sequential designation June 1999, 6-8(3)
520 ## - SUMMARY, ETC.
Summary, etc. Assesses the potential problems associated with contracting purchasers interest clauses in property owners' insurance policies. Discusses what differences the Standard Commercial Property Conditions (First edition) will make.
690 ## - LOCAL SUBJECT ADDED ENTRY--TOPICAL TERM (OCLC, RLIN)
Topical term or geographic name as entry element Insurance
9 (RLIN) 6249
942 ## - ADDED ENTRY ELEMENTS (KOHA)
Suppress in OPAC 0
Holdings
Withdrawn status Lost status Source of classification or shelving scheme Damaged status Not for loan Home library Current library Shelving location Date acquired Total Checkouts Full call number Barcode Date last seen Copy number Price effective from Koha item type
    Dewey Decimal Classification     London London Journal article 05/11/1999   ABS60974 101520-1001 06/08/2019 1 06/08/2019 Journal article